| 000 | 00442 a2200157 4500 | ||
|---|---|---|---|
| 005 | 20260420124954.0 | ||
| 008 | 260420b |||||||| |||| 00| 0 eng d | ||
| 020 | _a9789370983434 | ||
| 080 |
_a89M-94 _bTHA/M |
||
| 100 | _aThaha Madayi | ||
| 245 | _aMadhuramaya aparathakal(മധുരമായ അപാരതകൾ) | ||
| 260 |
_bD C books _aKottayam _c2026 |
||
| 300 | _a144p. | ||
| 653 | _aMemories-Malayalam Literature | ||
| 942 | _cBK | ||
| 999 |
_c115291 _d115290 |
||